[Event "WchT Seniors 65"]
[Site "Acqui Terme"]
[Date "2022.06.22"]
[Round "3.1"]
[White "Stebbings, Anthony"]
[Black "Salov, Sergej"]
[Result "1/2-1/2"]
[WhiteElo "2297"]
[BlackElo "2169"]
[PlyCount "39"]
[EventDate "2022.06.20"]
[EventType "team-tourn"]
[EventRounds "9"]
[EventCountry "ITA"]
[SourceTitle "CBM 209 Extra"]
[Source "ChessBase"]
[SourceDate "2022.09.30"]
[SourceVersion "1"]
[SourceVersionDate "2022.09.30"]
[SourceQuality "1"]
[WhiteTeam "England 65"]
[BlackTeam "Germany 65 II"]
[WhiteTeamCountry "ENG"]
[BlackTeamCountry "GER"]

1. d4 Nf6 2. c4 d6 3. Nc3 e5 4. Nf3 Nbd7 5. e4 g6 6. Be2 Bg7 7. 0-0 0-0 8. Be3 Qe7 9. Qc2 c6 10. d5 c5 11. Ne1 Ne8 12. g4 Ndf6 13. f3 h5 14. h3 Nh7 15. Bd3 Bf6 16. Ng2 Bg5 17. Bf2 hxg4 18. fxg4 Ng7 19. Bg3 Bh6 20. Kh2 1/2-1/2

[Event "WchT Seniors 65"]
[Site "Prague"]
[Date "2020.03.11"]
[Round "6.3"]
[White "Kalegin, Evgenij"]
[Black "Salov, Sergej"]
[Result "1/2-1/2"]
[WhiteElo "2431"]
[BlackElo "2135"]
[PlyCount "102"]
[EventDate "2020.03.06"]
[EventType "team-swiss"]
[EventRounds "7"]
[EventCountry "CZE"]
[SourceTitle "CBM 195 Extra"]
[Source "ChessBase"]
[SourceDate "2020.05.31"]
[SourceVersion "1"]
[SourceVersionDate "2020.05.31"]
[SourceQuality "1"]
[WhiteTeam "Russia 65"]
[BlackTeam "Germany 65 II"]
[WhiteTeamCountry "RUS"]
[BlackTeamCountry "GER"]

1. e4 c5 2. Nf3 e6 3. g3 d5 4. exd5 exd5 5. d4 Nf6 6. Bg2 Be7 7. 0-0 0-0 8. Nc3 h6 9. Be3 cxd4 10. Nxd4 Bg4 11. Qd3 Qd7 12. Qb5 Rd8 13. Qxd7 Rxd7 14. h3 Bh5 15. Nf5 Nc6 16. Nxe7+ Nxe7 17. Bd4 Ne8 18. g4 Bg6 19. Rac1 Nc6 20. Rfd1 Nc7 21. f4 Ne6 22. Be3 d4 23. f5 Rad8 24. fxg6 dxe3 25. gxf7+ Kxf7 26. Rf1+ Kg8 27. Rce1 Ned4 28. Bxc6 bxc6 29. Rxe3 Nxc2 30. Re2 Nd4 31. Ref2 Re7 32. Kg2 a5 33. Rd1 Red7 34. Rfd2 Rd6 35. Ne4 Rd5 36. Rc1 Kf7 37. Rf2+ Ke7 38. Nc5 Re5 39. Nd3 Re3 40. Nf4 g5 41. Nh5 Kd6 42. Ng3 Kc7 43. Nf5 Nxf5 44. gxf5 Rf8 45. f6 Rf7 46. Rc5 Re6 47. Rcf5 a4 48. Kg3 Re4 49. Ra5 Kb6 50. Raf5 Rd4 51. Kf3 Kc7 1/2-1/2

[Event "WchT Seniors 65"]
[Site "Prague"]
[Date "2020.03.09"]
[Round "4.5"]
[White "Christiansen, Arne"]
[Black "Salov, Sergej"]
[Result "1/2-1/2"]
[WhiteElo "2016"]
[BlackElo "2135"]
[PlyCount "29"]
[EventDate "2020.03.06"]
[EventType "team-swiss"]
[EventRounds "7"]
[EventCountry "CZE"]
[SourceTitle "CBM 195 Extra"]
[Source "ChessBase"]
[SourceDate "2020.05.31"]
[SourceVersion "1"]
[SourceVersionDate "2020.05.31"]
[SourceQuality "1"]
[WhiteTeam "Denmark 65"]
[BlackTeam "Germany 65 II"]
[WhiteTeamCountry "DEN"]
[BlackTeamCountry "GER"]

1. d4 Nf6 2. c4 d6 3. Nf3 g6 4. Nc3 Nbd7 5. g3 Bg7 6. Bg2 0-0 7. 0-0 e5 8. e4 c6 9. dxe5 dxe5 10. h3 Re8 11. Be3 Qe7 12. Qc2 Nc5 13. Rad1 Nh5 14. b4 Ne6 15. c5 1/2-1/2

[Event "Basel op"]
[Site "Basel"]
[Date "2020.01.03"]
[Round "2"]
[White "Kone, Colin"]
[Black "Salov, Sergej"]
[Result "0-1"]
[WhiteElo "1761"]
[BlackElo "2138"]
[PlyCount "130"]
[EventDate "2020.01.02"]
[EventType "swiss"]
[EventRounds "7"]
[EventCountry "SUI"]
[SourceTitle "EXT 2021"]
[Source "ChessBase"]
[SourceDate "2020.10.23"]
[SourceVersion "1"]
[SourceVersionDate "2020.10.23"]
[SourceQuality "1"]

1. d4 Nf6 2. Bf4 b6 3. Nf3 Bb7 4. e3 g6 5. Be2 Bg7 6. Nbd2 d6 7. 0-0 0-0 8. c3 Nbd7 9. h3 c5 10. Re1 a6 11. a4 Ra7 12. a5 b5 13. Qc2 Qa8 14. Bf1 Ne4 15. Ng5 Nxd2 16. Qxd2 h6 17. Nf3 Nf6 18. Qe2 c4 19. Nd2 Ne4 20. f3 Nxd2 21. Qxd2 f5 22. Bg3 Bd5 23. Qe2 e5 24. Rad1 f4 25. exf4 exf4 26. Bf2 Qd8 27. Qc2 Kh7 28. Ra1 Qg5 29. Kh2 Bf6 30. Re2 Raf7 31. Rae1 Bd8 32. Re8 Rxe8 33. Rxe8 Bxa5 34. Qe2 Bd8 35. Qe1 Re7 36. Rxe7+ Qxe7 37. Qxe7+ Bxe7 38. Be2 Be6 39. Kg1 d5 40. Kf1 b4 41. cxb4 Bxb4 42. Be1 a5 43. Bd1 Kg7 44. Ba4 Kf6 45. Kf2 Ke7 46. Ke2 Bf5 47. Kf2 Bd3 48. Bc6 Kd6 49. Ba4 g5 50. Bd1 Kc6 51. Ba4+ Kb6 52. Bd7 Bc2 53. Ke2 Bd3+ 54. Kf2 Kc7 55. Ba4 Bf5 56. Bd1 Bd7 57. Bc2 Kb6 58. Ke2 Kb5 59. Kd1 Bxe1 60. Kxe1 Kb4 61. Kd2 Bb5 62. Bf5 Kb3 63. Kc1 c3 64. Bc2+ Kc4 65. bxc3 Kxc3 0-1

[Event "Basel op"]
[Site "Basel"]
[Date "2020.01.03"]
[Round "3"]
[White "Salov, Sergej"]
[Black "Istratescu, Andrei"]
[Result "0-1"]
[WhiteElo "2138"]
[BlackElo "2543"]
[PlyCount "36"]
[EventDate "2020.01.02"]
[EventType "swiss"]
[EventRounds "7"]
[EventCountry "SUI"]
[SourceTitle "CBM 194 Extra"]
[Source "ChessBase"]
[SourceDate "2020.03.31"]
[SourceVersion "1"]
[SourceVersionDate "2020.03.31"]
[SourceQuality "1"]

1. e4 c5 2. Nf3 Nc6 3. Bb5 e6 4. Bxc6 bxc6 5. d3 Ne7 6. Qe2 Ng6 7. e5 f6 8. h4 h5 9. c4 Qc7 10. exf6 gxf6 11. Nc3 d6 12. Bd2 Rb8 13. b3 e5 14. Ng1 Kf7 15. g3 Bg7 16. Nh3 Nf8 17. Ne4 Ne6 18. Be3 d5 0-1

[Event "WchT ICSC Silent 19th"]
[Site "Chiavenna"]
[Date "2019.12.17"]
[Round "5.1"]
[White "Salov, Sergej"]
[Black "Nauryzgaliev, Amangeldy"]
[Result "1/2-1/2"]
[WhiteElo "2180"]
[BlackElo "1905"]
[PlyCount "77"]
[EventDate "2019.12.14"]
[EventType "team-tourn"]
[EventRounds "9"]
[EventCountry "ITA"]
[SourceTitle "CBM 193 Extra"]
[Source "ChessBase"]
[SourceDate "2020.01.31"]
[SourceVersion "1"]
[SourceVersionDate "2020.01.31"]
[SourceQuality "1"]
[WhiteTeam "Germany"]
[BlackTeam "Kazakhstan"]
[WhiteTeamCountry "GER"]
[BlackTeamCountry "KAZ"]

1. e4 c5 2. Nf3 e6 3. Nc3 a6 4. d4 cxd4 5. Nxd4 d6 6. g3 b5 7. Bg2 Bb7 8. 0-0 Nf6 9. Re1 Nbd7 10. a4 bxa4 11. Nd5 Rb8 12. Bg5 h6 13. Bxf6 Nxf6 14. Rxa4 g6 15. Rb4 exd5 16. Nc6 Bxc6 17. exd5+ Be7 18. Rxb8 Qxb8 19. dxc6 a5 20. Qd4 Kf8 21. Re3 d5 22. Bxd5 Qd6 23. Qc3 Kg7 24. Bf3 Bd8 25. Rd3 Qb8 26. Rd7 Bc7 27. Bd5 Rf8 28. f4 g5 29. fxg5 hxg5 30. Qd2 Bf4 31. Qc3 Be5 32. Qe3 Nxd7 33. Qxg5+ Kh8 34. Qh5+ Kg8 35. Be4 f5 36. Bd5+ Kg7 37. Qg5+ Kh7 38. Qh5+ Kg7 39. Qg5+ 1/2-1/2

[Event "WchT ICSC Silent 19th"]
[Site "Chiavenna"]
[Date "2019.12.16"]
[Round "4.2"]
[White "Ninov, Nikolay"]
[Black "Salov, Sergej"]
[Result "1/2-1/2"]
[WhiteElo "2011"]
[BlackElo "2180"]
[PlyCount "76"]
[EventDate "2019.12.14"]
[EventType "team-tourn"]
[EventRounds "9"]
[EventCountry "ITA"]
[SourceTitle "CBM 193 Extra"]
[Source "ChessBase"]
[SourceDate "2020.01.31"]
[SourceVersion "1"]
[SourceVersionDate "2020.01.31"]
[SourceQuality "1"]
[WhiteTeam "Bulgaria"]
[BlackTeam "Germany"]
[WhiteTeamCountry "BUL"]
[BlackTeamCountry "GER"]

1. d4 Nf6 2. Nc3 d5 3. Bf4 a6 4. e3 e6 5. Nf3 c5 6. dxc5 Bxc5 7. Na4 Bd6 8. Bxd6 Qxd6 9. Qd4 0-0 10. Bd3 Nc6 11. Qc5 Qd8 12. Nb6 Nd7 13. Nxd7 Bxd7 14. c3 Qc7 15. a4 b6 16. Qa3 h6 17. Qb3 Na5 18. Qc2 Nc4 19. 0-0 Rfc8 20. Rfd1 Nd6 21. Qe2 b5 22. axb5 Bxb5 23. Bxb5 axb5 24. Nd4 Qb6 25. Nc2 Qc5 26. Nb4 Qc4 27. Kf1 Kf8 28. f3 f5 29. g3 Kf7 30. Kf2 Qxe2+ 31. Kxe2 Nc4 32. Nd3 Kf6 33. f4 g5 34. b3 Nd6 35. Rxa8 Rxa8 36. Nc5 g4 37. Kd3 Ra2 38. Rd2 Rxd2+ 1/2-1/2

[Event "WchT ICSC Silent 19th"]
[Site "Chiavenna"]
[Date "2019.12.15"]
[Round "3.3"]
[White "Salov, Sergej"]
[Black "Checiak, Krzysztof"]
[Result "1-0"]
[WhiteElo "2180"]
[BlackElo "1994"]
[PlyCount "47"]
[EventDate "2019.12.14"]
[EventType "team-tourn"]
[EventRounds "9"]
[EventCountry "ITA"]
[SourceTitle "CBM 193 Extra"]
[Source "ChessBase"]
[SourceDate "2020.01.31"]
[SourceVersion "1"]
[SourceVersionDate "2020.01.31"]
[SourceQuality "1"]
[WhiteTeam "Germany"]
[BlackTeam "Poland"]
[WhiteTeamCountry "GER"]
[BlackTeamCountry "POL"]

1. e4 d5 2. exd5 Qxd5 3. Nc3 Qd6 4. d4 Nf6 5. Nf3 a6 6. Be2 Bf5 7. 0-0 Nc6 8. h3 0-0-0 9. Be3 e5 10. dxe5 Nxe5 11. Qc1 Nxf3+ 12. Bxf3 Qd7 13. Rd1 Bd6 14. Bf4 Qe7 15. Re1 Qd7 16. Bxd6 Qxd6 17. Qe3 Kb8 18. Bxb7 Bxh3 19. Rad1 Qb4 20. Bxa6 Be6 21. Nb5 c5 22. Qe5+ Ka8 23. Qc7 Rd7 24. Bb7# 1-0

[Event "GER-chT Seniors 26th"]
[Site "Templin"]
[Date "2017.09.29"]
[Round "5.13"]
[White "Klundt, Klaus"]
[Black "Salov, Sergej"]
[Result "1-0"]
[WhiteElo "2321"]
[BlackElo "2215"]
[PlyCount "61"]
[EventDate "2017.09.25"]
[EventType "team-swiss"]
[EventRounds "7"]
[EventCountry "GER"]
[SourceTitle "EXT 2019"]
[Source "ChessBase"]
[SourceDate "2018.10.10"]
[SourceVersion "1"]
[SourceVersionDate "2018.10.10"]
[SourceQuality "1"]
[WhiteTeam "Hessen"]
[BlackTeam "Schleswig Holstein"]
[WhiteTeamCountry "GER"]
[BlackTeamCountry "GER"]

1. e4 c5 2. Nf3 e6 3. d4 cxd4 4. Nxd4 a6 5. Bd3 Bc5 6. Nb3 Be7 7. 0-0 d6 8. c4 Nf6 9. Nc3 Qc7 10. Qe2 Nbd7 11. f4 b6 12. Bd2 Bb7 13. Rae1 Rd8 14. Bb1 0-0 15. e5 Ne8 16. Kh1 g6 17. exd6 Bxd6 18. Ne4 Be7 19. Bc3 Nef6 20. Ng5 Bd6 21. Be5 Rde8 22. Nd4 Kg7 23. b3 h6 24. Ngxe6+ Rxe6 25. Nxe6+ fxe6 26. Qd3 Nxe5 27. fxe5 Bxe5 28. Qxg6+ Kh8 29. Qxh6+ Kg8 30. Qg5+ Qg7 31. Rxe5 1-0

[Event "WchT Seniors 65"]
[Site "Hersonissos"]
[Date "2017.05.02"]
[Round "9.2"]
[White "Salov, Sergej"]
[Black "Hewson, Brian Wr"]
[Result "1-0"]
[WhiteElo "2190"]
[BlackElo "2060"]
[PlyCount "61"]
[EventDate "2017.04.24"]
[EventType "team-swiss"]
[EventRounds "9"]
[EventCountry "GRE"]
[SourceTitle "CBM 178 Extra"]
[Source "ChessBase"]
[SourceDate "2017.06.22"]
[SourceVersion "1"]
[SourceVersionDate "2017.06.22"]
[SourceQuality "1"]
[WhiteTeam "Germany"]
[BlackTeam "England II"]
[WhiteTeamCountry "GER"]
[BlackTeamCountry "ENG"]

1. e4 c6 2. d4 d5 3. Nc3 dxe4 4. Nxe4 Nd7 5. Bc4 e6 6. Nf3 Ngf6 7. Qe2 Nxe4 8. Qxe4 Nf6 9. Qe2 Be7 10. 0-0 0-0 11. Re1 b5 12. Bb3 a5 13. c3 Qb6 14. Ne5 c5 15. Be3 c4 16. Bc2 Bb7 17. Bg5 Qd8 18. a4 Rc8 19. axb5 Qd5 20. f3 Qxb5 21. Ba4 Qd5 22. Bxf6 Bxf6 23. Nd7 Rfd8 24. Nb6 Bxd4+ 25. cxd4 Qxd4+ 26. Qf2 Qxf2+ 27. Kxf2 Rd2+ 28. Re2 Rcd8 29. Nxc4 Rxe2+ 30. Kxe2 Ba6 31. b3 1-0

[Event "WchT Seniors 65"]
[Site "Hersonissos"]
[Date "2017.04.29"]
[Round "6.2"]
[White "Salov, Sergej"]
[Black "Vasiukov, Evgeni"]
[Result "1/2-1/2"]
[WhiteElo "2190"]
[BlackElo "2396"]
[PlyCount "27"]
[EventDate "2017.04.24"]
[EventType "team-swiss"]
[EventRounds "9"]
[EventCountry "GRE"]
[SourceTitle "CBM 178 Extra"]
[Source "ChessBase"]
[SourceDate "2017.06.22"]
[SourceVersion "1"]
[SourceVersionDate "2017.06.22"]
[SourceQuality "1"]
[WhiteTeam "Germany"]
[BlackTeam "Russia"]
[WhiteTeamCountry "GER"]
[BlackTeamCountry "RUS"]

1. e4 c6 2. d4 d5 3. Nc3 dxe4 4. Nxe4 Nf6 5. Nxf6+ gxf6 6. c3 Bf5 7. Nf3 e6 8. g3 Nd7 9. Bg2 Bg7 10. 0-0 Nb6 11. Re1 0-0 12. Nh4 Bg6 13. Nxg6 hxg6 14. Qb3 1/2-1/2

[Event "WchT Seniors 65"]
[Site "Hersonissos"]
[Date "2017.04.24"]
[Round "1.5"]
[White "Salov, Sergej"]
[Black "Scrimgour, Alan"]
[Result "1-0"]
[WhiteElo "2190"]
[BlackElo "2063"]
[PlyCount "79"]
[EventDate "2017.04.24"]
[EventType "team-swiss"]
[EventRounds "9"]
[EventCountry "GRE"]
[SourceTitle "CBM 178 Extra"]
[Source "ChessBase"]
[SourceDate "2017.06.22"]
[SourceVersion "1"]
[SourceVersionDate "2017.06.22"]
[SourceQuality "1"]
[WhiteTeam "Germany"]
[BlackTeam "Scotland"]
[WhiteTeamCountry "GER"]
[BlackTeamCountry "SCO"]

1. e4 c5 2. Nf3 e6 3. d4 cxd4 4. Nxd4 Nc6 5. Nc3 Qc7 6. g3 a6 7. Bg2 d6 8. 0-0 Bd7 9. Nce2 Nf6 10. c4 Nxd4 11. Qxd4 Rc8 12. b3 Be7 13. Ba3 0-0 14. Rfd1 Bc6 15. Nc3 Rfd8 16. Qd2 b6 17. Rac1 Qb7 18. Qe2 b5 19. cxb5 axb5 20. Bb4 Bf8 21. h3 Ne8 22. Rc2 Rd7 23. Rcd2 Rcd8 24. Kh2 Nc7 25. Nd5 Bxd5 26. exd5 e5 27. Ba5 g6 28. Rc2 Bh6 29. Rc6 Rb8 30. Bxc7 Rxc7 31. Rxd6 Rbc8 32. Rc6 Bg7 33. Rdc1 Qb8 34. Qd3 f5 35. d6 Rxc6 36. Qd5+ Kf8 37. Rxc6 Rxc6 38. Qxc6 e4 39. Qc7 Qe8 40. d7 1-0

[Event "GER-chT Seniors 25th"]
[Site "Magdeburg"]
[Date "2016.10.15"]
[Round "7.21"]
[White "Krueger, Erich"]
[Black "Salov, Sergej"]
[Result "0-1"]
[WhiteElo "2235"]
[BlackElo "2234"]
[PlyCount "80"]
[EventDate "2016.10.09"]
[EventType "team-swiss"]
[EventRounds "7"]
[EventCountry "GER"]
[SourceTitle "EXT 2019"]
[Source "ChessBase"]
[SourceDate "2018.10.10"]
[SourceVersion "1"]
[SourceVersionDate "2018.10.10"]
[SourceQuality "1"]
[WhiteTeam "Nordrhein Westfalen II"]
[BlackTeam "Schleswig Holstein"]
[WhiteTeamCountry "GER"]
[BlackTeamCountry "GER"]

1. d4 Nf6 2. c4 e6 3. Nc3 Bb4 4. Nf3 b6 5. Bg5 Bb7 6. Nd2 h6 7. Bh4 Bxc3 8. bxc3 d6 9. e3 Nbd7 10. Qc2 Qe7 11. e4 e5 12. d5 g5 13. Bg3 Nh5 14. f3 Nxg3 15. hxg3 h5 16. Be2 Nc5 17. Nb3 0-0-0 18. Nxc5 dxc5 19. 0-0-0 Qf6 20. Qd2 h4 21. gxh4 Rxh4 22. g3 Rh6 23. Rxh6 Qxh6 24. f4 gxf4 25. gxf4 exf4 26. Rf1 Re8 27. Bd3 Re7 28. Rxf4 Kd8 29. Kc2 Bc8 30. Qf2 Qg7 31. Rf6 Bd7 32. e5 Qg5 33. e6 fxe6 34. Rg6 Qe5 35. dxe6 Rxe6 36. Qh4+ Kc8 37. Rg5 Qe3 38. Rg3 Ba4+ 39. Kb2 Qd2+ 40. Ka3 Qxc3+ 0-1

[Event "GER-chA Seniors 28th"]
[Site "Niederhausen"]
[Date "2016.08.20"]
[Round "8"]
[White "Hassenrueck, Helmut"]
[Black "Salov, Sergej"]
[Result "1/2-1/2"]
[WhiteElo "2208"]
[BlackElo "2223"]
[PlyCount "53"]
[EventDate "2016.08.13"]
[EventType "swiss"]
[EventRounds "9"]
[EventCountry "GER"]
[SourceTitle "EXT 2019"]
[Source "ChessBase"]
[SourceDate "2018.10.10"]
[SourceVersion "1"]
[SourceVersionDate "2018.10.10"]
[SourceQuality "1"]

1. d4 Nf6 2. Nf3 e6 3. c4 Bb4+ 4. Bd2 c5 5. Bxb4 cxb4 6. Nbd2 0-0 7. e4 d6 8. Bd3 Nfd7 9. 0-0 e5 10. a3 bxa3 11. Rxa3 Nc6 12. Nb3 Qf6 13. d5 Nb4 14. Be2 b6 15. Ne1 a5 16. g3 Ba6 17. Ng2 Qg6 18. Nd2 Nc5 19. Nh4 Qf6 20. Rf3 Qd8 21. Re3 g6 22. Nb1 Ra7 23. Nc3 f5 24. exf5 gxf5 25. f4 Rg7 26. Ng2 e4 27. g4 1/2-1/2

[Event "GER-chA Seniors 28th"]
[Site "Niederhausen"]
[Date "2016.08.17"]
[Round "5"]
[White "Salov, Sergej"]
[Black "Werner, Clemens"]
[Result "0-1"]
[WhiteElo "2223"]
[BlackElo "2300"]
[PlyCount "100"]
[EventDate "2016.08.13"]
[EventType "swiss"]
[EventRounds "9"]
[EventCountry "GER"]
[SourceTitle "EXT 2019"]
[Source "ChessBase"]
[SourceDate "2018.10.10"]
[SourceVersion "1"]
[SourceVersionDate "2018.10.10"]
[SourceQuality "1"]

1. e4 c5 2. Nf3 d6 3. d4 cxd4 4. Qxd4 Nf6 5. e5 Nc6 6. Bb5 Qa5+ 7. Nc3 Qxb5 8. Nxb5 Nxd4 9. Nfxd4 dxe5 10. Nc7+ Kd7 11. Nxa8 exd4 12. Bf4 e5 13. Bxe5 Bd6 14. Bxd4 Re8+ 15. Be3 Kc6 16. 0-0-0 Bf5 17. Rd4 Rxa8 18. Rhd1 Bc5 19. Rd8 Bxe3+ 20. fxe3 Rxd8 21. Rxd8 Be4 22. Rf8 Bd5 23. Kd2 Kd7 24. g3 h5 25. Kd3 Ke7 26. Rh8 Be4+ 27. Kd2 g6 28. c4 Ng4 29. h4 Nf6 30. b4 Bc6 31. Kd3 Be8 32. Kd4 Nd7 33. c5 Nf8 34. e4 f6 35. e5 f5 36. e6 Nxe6+ 37. Ke5 Nf8 38. a3 a6 39. Kd5 Bc6+ 40. Ke5 Bb5 41. Kd5 Kf7 42. Kd6 Kg7 43. Rxf8 Kxf8 44. Kc7 Bc6 45. a4 g5 46. hxg5 f4 47. gxf4 h4 48. b5 axb5 49. axb5 Bxb5 50. Kxb7 h3 0-1

[Event "WchT Seniors 65"]
[Site "Radebeul"]
[Date "2016.06.27"]
[Round "2.3"]
[White "Baumbach, Friedrich"]
[Black "Salov, Sergej"]
[Result "1/2-1/2"]
[WhiteElo "2193"]
[BlackElo "2198"]
[PlyCount "26"]
[EventDate "2016.06.26"]
[EventType "team-swiss"]
[EventRounds "9"]
[EventCountry "GER"]
[SourceTitle "CBM 173 Extra"]
[Source "ChessBase"]
[SourceDate "2016.08.29"]
[SourceVersion "1"]
[SourceVersionDate "2016.08.29"]
[SourceQuality "1"]
[WhiteTeam "Stiftung BSW/DBAG"]
[BlackTeam "Germany II"]
[WhiteTeamCountry "GER"]
[BlackTeamCountry "GER"]

1. d4 Nf6 2. c4 e6 3. Nf3 c5 4. Nc3 cxd4 5. Nxd4 a6 6. e3 Qc7 7. Be2 b6 8. 0-0 Bb7 9. b3 d6 10. Bb2 Nbd7 11. Bf3 Rc8 12. Qe2 Be7 13. Rfd1 0-0 1/2-1/2

[Event "GER-chA Seniors 27th"]
[Site "Magdeburg"]
[Date "2015.08.19"]
[Round "5"]
[White "Boidman, Yuri"]
[Black "Salov, Sergej"]
[Result "1/2-1/2"]
[WhiteElo "2337"]
[BlackElo "2267"]
[PlyCount "71"]
[EventDate "2015.08.15"]
[EventType "swiss"]
[EventRounds "9"]
[EventCountry "GER"]
[SourceTitle "EXT 2018"]
[Source "ChessBase"]
[SourceDate "2017.10.13"]
[SourceVersion "1"]
[SourceVersionDate "2017.10.13"]
[SourceQuality "1"]

1. e4 c5 2. Nf3 e6 3. Nc3 a6 4. g3 b5 5. Bg2 Bb7 6. d3 Be7 7. 0-0 d6 8. d4 cxd4 9. Nxd4 Qc7 10. a4 b4 11. Na2 Nf6 12. Re1 0-0 13. c3 bxc3 14. Nxc3 Nc6 15. Nxc6 Bxc6 16. a5 Qb7 17. Qd4 Rab8 18. h3 Nd7 19. Nd5 Bd8 20. Ne3 Nc5 21. Qxd6 Be7 22. Qd1 Rfd8 23. Qe2 Bxe4 24. Bxe4 Qxe4 25. Qg4 Qc6 26. Nc4 Nb3 27. Ne5 Qd5 28. Bh6 Bf6 29. Rad1 Nd4 30. Bf4 Rxb2 31. Qh5 Bxe5 32. Bxe5 g6 33. Qh6 Nf3+ 34. Kh1 Nd2+ 35. Kg1 Nf3+ 36. Kh1 1/2-1/2

[Event "Schleswig Holstein-ch Seniors"]
[Site "Hanerau"]
[Date "2015.04.03"]
[Round "9"]
[White "Wozny, Michael"]
[Black "Salov, Sergej"]
[Result "1/2-1/2"]
[WhiteElo "2044"]
[BlackElo "2222"]
[PlyCount "45"]
[EventDate "2015.03.28"]
[EventType "swiss"]
[EventRounds "9"]
[EventCountry "GER"]
[SourceTitle "EXT 2018"]
[Source "ChessBase"]
[SourceDate "2017.10.13"]
[SourceVersion "1"]
[SourceVersionDate "2017.10.13"]
[SourceQuality "1"]

1. d4 Nf6 2. Nf3 g6 3. Nbd2 c5 4. e4 cxd4 5. e5 Nd5 6. Ng5 f6 7. exf6 Nxf6 8. Bd3 Bg7 9. 0-0 0-0 10. h4 d5 11. h5 e5 12. hxg6 Ng4 13. Nb3 Nc6 14. Be2 Nh6 15. Nc5 Qd6 16. gxh7+ Kh8 17. b4 Nxb4 18. Nd3 Nc6 19. a4 Rf5 20. Bg4 Nxg4 21. Qxg4 Qg6 22. Qg3 Bf6 23. Ne4 1/2-1/2

[Event "Schleswig Holstein-ch Seniors"]
[Site "Hanerau"]
[Date "2015.04.02"]
[Round "8"]
[White "Salov, Sergej"]
[Black "Duerer, Manfred"]
[Result "1-0"]
[WhiteElo "2222"]
[BlackElo "1775"]
[PlyCount "81"]
[EventDate "2015.03.28"]
[EventType "swiss"]
[EventRounds "9"]
[EventCountry "GER"]
[SourceTitle "EXT 2018"]
[Source "ChessBase"]
[SourceDate "2017.10.13"]
[SourceVersion "1"]
[SourceVersionDate "2017.10.13"]
[SourceQuality "1"]

1. e4 e5 2. Nf3 Nc6 3. Bb5 a6 4. Ba4 Nf6 5. d3 d6 6. c3 Bd7 7. 0-0 h6 8. Nbd2 g6 9. d4 b5 10. Bb3 Bg7 11. Re1 0-0 12. Nf1 Qe7 13. Ne3 Na5 14. Bc2 c6 15. b4 Nb7 16. Bb2 Ng4 17. Nxg4 Bxg4 18. h3 Bd7 19. Bb3 Be6 20. d5 Bd7 21. dxc6 Bxc6 22. c4 Rfc8 23. Rc1 Nd8 24. cxb5 axb5 25. Bd5 Bf8 26. a3 Rab8 27. Bxc6 Rxc6 28. Rxc6 Nxc6 29. Qd5 Nd8 30. Rc1 Ne6 31. g3 Kh7 32. Nxe5 dxe5 33. Qxe5 Bg7 34. Qxb8 Bxb2 35. Rd1 Nd4 36. Qa8 Qd7 37. Qd5 Qa7 38. Kg2 Kg7 39. Rd2 Bc3 40. Rd3 Qxa3 41. Qxd4+ 1-0

[Event "Schleswig Holstein-ch Seniors"]
[Site "Hanerau"]
[Date "2015.04.01"]
[Round "4"]
[White "Salov, Sergej"]
[Black "Dittmann, Hans Adolf"]
[Result "1-0"]
[WhiteElo "2222"]
[BlackElo "2141"]
[PlyCount "73"]
[EventDate "2015.03.28"]
[EventType "swiss"]
[EventRounds "9"]
[EventCountry "GER"]
[SourceTitle "EXT 2018"]
[Source "ChessBase"]
[SourceDate "2017.10.13"]
[SourceVersion "1"]
[SourceVersionDate "2017.10.13"]
[SourceQuality "1"]

1. e4 c5 2. Nf3 d6 3. d4 cxd4 4. Nxd4 Nf6 5. Nc3 a6 6. Bg5 e6 7. f4 Bd7 8. Qf3 Nc6 9. 0-0-0 Qb6 10. Nb3 0-0-0 11. Bh4 Be7 12. Bf2 Qc7 13. Kb1 h5 14. Na4 Nb4 15. Nb6+ Kb8 16. Nxd7+ Rxd7 17. c3 Nc6 18. Bd3 g5 19. g3 Ng4 20. Bg1 d5 21. e5 gxf4 22. gxf4 Na5 23. Nxa5 Qxa5 24. h3 Nh6 25. Qxh5 Bc5 26. f5 d4 27. c4 b5 28. Bh2 Rb7 29. cxb5 axb5 30. Qe2 Ra7 31. b3 Bb4 32. fxe6 fxe6 33. Rhf1 Bc3 34. Rf6 Qb4 35. Rxe6 Rc8 36. Rb6+ Ka8 37. Qe4+ 1-0